000 00712nam a2200205Ia 4500
003 GCL
008 140319s9999 xx 000 0 ara d
040 _aGCL /
_cGCL
082 0 4 _a922.6
_bع ح
100 1 _aعبدالحفيظ فرغلى على القرنى
245 1 0 _aالحافظ ابو نعيم الاصفهانى الفقية المحدث الصوفى المؤرخ /
_cعبدالحفيظ فرغلى على القرنى
260 _a[S.N] :
_bالهيئة المصرية العامة للكتاب ،
_c1987
300 _a218 ص
490 _a
650 0 4 _aالاسلام
650 0 4 _aالتصوف الاسلامى
650 0 4 _aالتصوف
650 0 4 _aالاصفهانى
942 _2ddc
_cBK
999 _c27538
_d27538